000 00331 a2200157 4500
001 165916
020 _a
040 _cMagnum
100 _aLemle, Miriam,
240 1 0 _aGuia teorico do alfabetizador
_lpor
245 1 0 _aGuia teorico do alfabetizador
362 0 _a1899
440 1 _aÁtica
697 _aENSINO
942 _cBK
999 _c165916
_d165916